Sports Quiz

Random Sports or University Quiz
Score 0/20 Timer 07:00
0 Plays Today
Hint Answer % Correct
CitySan Diego
87%
NicknameAztecs
82.5%
ConferenceMWC
71%
Team ColorScarlet
69.3%
Football StadiumSDCCU Stadium
51.7%
Famous Alum: SF Kawhi _____ Leonard
41.6%
Fight SongSDSU Fight Song
32.8%
Basketball ArenaViejas Arena
31.2%
No. of Women's Varsity Sports12
29.5%
NFL & NASCAR Hall of FamerJoe Gibbs
29.4%
Hint Answer % Correct
Primary RivalFresno State
27.1%
StateCalifornia
26.3%
Team ColorBlack
25.7%
Famous Alum: RB _____ FaulkMarshall
24.7%
Famous Alum: LF Tony _____ Gwynn
22.7%
Baseball StadiumTony Gwynn Stadium
22.2%
No. of Men's Varsity Sports6
20%
Athletic DirectorJohn David Wicker
19.9%
MascotAztec Warrior
15.2%
Primary RivalBrigham Young
13.6%
Remove Ads.
Support Sporcle.
Get the best of Sporcle when you Go Orange. This ad-free experience offers more features, more stats, and more fun while also helping to support Sporcle. Thank you for becoming a member.

You're not logged in!

Compare scores with friends on all Sporcle quizzes.
OR
Log In

Show Comments

Extras

Top Quizzes Today


Score Distribution

Your Account Isn't Verified!

In order to create a playlist on Sporcle, you need to verify the email address you used during registration. Go to your Sporcle Settings to finish the process.

Report this User

Report this user for behavior that violates our Community Guidelines.

Details: